Logo BPK

Bibliografia Prac Pracowników

Politechniki Koszalińskiej

Sprężarkowe obiegi chłodnicze jednostopniowe o znamionach dwustopniowych / (Rekord nr 643)

Szczegóły MARC
000 -ETYKIETA REKORDU
podpole kontrolne o stałej długości 01297nab a2200229 i 4500
001 - NUMER KONTROLNY REKORDU
podpole kontrolne BPP
003 - IDENTYFIKATOR NUMERU KONTROLNEGO REKORDU
podpole kontrolne BPK
005 - DATA OSTATNIEJ MODYFIKACJI REKORDU
podpole kontrolne 20140220124056.0
008 - POLE O STAŁEJ DŁUGOŚCI - DANE KONTROLNE
podpole kontrolne o stałej długości 140220s2007 pl f |000 0 pol |
040 ## - ŹRÓDŁO KATALOGOWANIA
Instytucja, która utworzyła rekord BPK
080 ## - UNIWERSALNA KLASYFIKACJA DZIESIĘTNA - UKD
UKD 621.59
100 ## - NAZWA OSOBOWA
Nazwa osobowa BOHDAL, Tadeusz.
Lata pracy 1996 - .
Instytucja Politechnika Koszalińska - Wydział Mechaniczny,
Wydział Katedra Techniki Cieplnej i Chłodnictwa
245 ## - TYTUŁ/ODPOWIEDZIALNOŚĆ
Tytuł Sprężarkowe obiegi chłodnicze jednostopniowe o znamionach dwustopniowych /
Pozostałe elementy strefy tytułu i oznaczenia odpowiedzialności Tadeusz Bohdal, Henryk Charun.
260 ## - STREFA ADRESU WYDAWNICZEGO
Data publikacji, dystrybucji/powstania dokumentu 2007.
500 ## - UWAGI OGÓLNE
Tekst uwagi Dane z autopsji.
520 ## - UWAGA DOTYCZĄCA TREŚCI DOKUMENTU
Analiza dokumentacyjna, adnotacja itp. Przekroczenie dopuszczalnych, granicznych parametrów jednostopniowego, sprężarkowego obiegu chłodniczego, zwłaszcza ze sprężarkami tłokowymi, prowadzi zwykle do konieczności podjęcia decyzji o zastosowaniu obiegu dwu- lub wielostopniowego. W artykule zwrócono uwagę na niektóre charakterystyczne obiegi jednostopniowe, o znamionach obiegów dwustopniowych, które mogą być alternatywnym rozwiązaniem tego problemu.
650 #0 - HASŁO PRZEDMIOTOWE W FORMIE NAZWY OGÓLNEJ LUB JEDNOSTKOWEJ
Nazwa ogólna lub geograficzna Chłodnictwo.
650 #0 - HASŁO PRZEDMIOTOWE W FORMIE NAZWY OGÓLNEJ LUB JEDNOSTKOWEJ
Nazwa ogólna lub geograficzna Sprężarki tłokowe.
700 ## - HASŁO DODATKOWE - NAZWA OSOBOWA
Nazwa osobowa CHARUN, Henryk.
Lata pracy 1996 - .
Instytucja Politechnika Koszalińska - Wydział Mechaniczny,
Wydział Katedra Techniki Cieplnej i Chłodnictwa
773 ## - TYTUŁ DOKUMENTU MACIERZYSTEGO
Wyrażenie wprowadzające W :
Tytuł Chłodnictwo i Klimatyzacja. -
Informacje dotyczące relacji 2007, Nr 6(109), s. 72-75
942 ## - HASŁO DODATKOWE - ELEMENTY(KOHA)
Typ dokumentu Artykuł
Schemat klasyfikacji Uniwersalna klasyfikacja dziesiętna
Egzemplarze
Wycofany Zagubiony Uszkodzony Dostępność Lokalizacja stała Lokalizacja bieżąca Sygnatura Typ dokumentu
      Dostępny Bibliografia Prac Pracowników - BPK Bibliografia Prac Pracowników - BPK 0967 Artykuł
© 2014 Biblioteka Politechniki Koszalińskiej :: BIBLIOGRAFIA PRAC PRACOWNIKÓW